000 00363nam a22001577a 4500
003 OSt
005 20220622095057.0
008 220622b |||||||| |||| 00| 0 eng d
040 _cHU
082 _a330 LEF1969
100 _aLeftwich
_936923
245 _aIntrodauction to Microeconomics
260 _c1969
300 _a371p
_bHC
_c22cm
942 _2ddc
_cBOOKS
_n0
999 _c35505
_d35505